Statistics for Group Theory - Modulo 10 Multiplication Grid (Even)

Click here to take the quiz!

General Stats

  • This quiz has been taken 9 times
  • The average score is 11 of 16

Answer Stats

HintAnswer% Correct
24
100%
8
100%
62
67%
2
67%
2
67%
2
67%
4
67%
4
67%
86
67%
6
67%
6
67%
6
67%
48
67%
8
67%
4
33%
8
33%

Score Distribution

Percentile by Number Answered

Percent of People with Each Score

Your Score History

You have not taken this quiz